000 01037nam a22002417a 4500
005 20081106142626.0
008 081106t xxu||||| |||| 00| 0 ur d
010 _aUR-7401
020 _c250.00
_a8180420434
035 _aU-5956
037 _bD.B.Act / Pub
082 _a841.08
245 _aسا حر شيویاور انکے ادبی کارنا مے/مرتبہ سيفی سرونجی
_bشعری مجمو عہ
246 _aSahir Shiwee Aur Unke AdabiKarname
_bedited by Saifi Saronji
260 _aنئ دھلی
_bموڈرن پبليشنگ ہا ؤس
_c2007
270 _a9،گو لا مارکيٹ،دريا گنج
_bنئ دھلی
_e110002
_k01123278869
300 _a272 p
_c22cm (Pbk)
650 _aCritical Poetry
650 _aتنقيدی شا عری
700 _aسيفی سر و نجی
942 _adpl
_cUR
_2ddc
_h841.08
_mس ا ح
999 _c5761
_d5761